Reglamento de mercados : tarifas de pesas y medidas y de mercados y puestos públicos / Ayuntamiento de Tarragona tarifas de pesas y medidas y de mercados y puestos públicos / Ayuntamiento de Tarragona
Descripción Física:
53 p. ; 16 cm
MARC
| LEADER | 00000nam a2200000Ia 4500 | ||
|---|---|---|---|
| 001 | 16146 | ||
| 008 | 160829s1915 xx 000 0 cat d | ||
| 080 | |a M-5-9 | ||
| 110 | 1 | |a Tarragona (Catalunya). |b Ajuntament |9 55108 | |
| 245 | |a Reglamento de mercados : |b tarifas de pesas y medidas y de mercados y puestos públicos / Ayuntamiento de Tarragona | ||
| 260 | |a [Tarragona] : |b (Imp. Llorens y Cabré), |c 1915 | ||
| 300 | |a 53 p. ; |c 16 cm | ||
| 590 | |a Prové de 2971, exp. 38 | ||
| 650 | |a Mercats |x Tarragona |x Normes |9 46745 | ||
| 650 | |a Pesos i mesures |x Normes |9 46746 | ||
| 901 | |a Arxiu | ||
| 942 | |n 1 | ||
| 952 | |0 0 |1 0 |4 0 |6 M59 |7 1 |9 53422 |a Arxiu |b Arxiu |d 2016-12-01 |l 0 |o M-5-9 |p 16146 |r 2016-12-01 00:00:00 |w 2016-12-01 |y ARXIU | ||
| 999 | |c 57288 |d 57288 | ||